000 00480nam a2200169 i 4500
001 88312
003 ES-MaACL
005 20230906175834.0
007 t|
008 050104s1965 sp ||||1| spa d
100 1 _aLamet, Pedro Miguel.
_969846
245 1 3 _aEl alegre cansancio
_b: (poemas 1962-65) /
_cPedro Miguel Lamet.
260 _aMadrid :
_bAgora,
_c[1965]
300 _a61 p. ;
_c22 cm.
852 _aES-MaACL
_jC-27441
_bR.56223
852 _aES-MaACL
_jC-27820
_bR.56649
999 _c88312
_d88312